| 000 | 00614nam a2200181 a 4500 | ||
|---|---|---|---|
| 001 | 000040271 | ||
| 005 | 20201002034026.0 | ||
| 008 | 130802s2004 mx 000 0 spa d | ||
| 020 | _a9703204767 | ||
| 040 |
_aDO-SdBNP _bspa _cBNPHU |
||
| 100 | 1 |
_aNervo, Amado _d1870-1919 _966544 |
|
| 245 | 1 | 0 |
_aMencia, un sueño / _cAmado Nervo ; introduccion Claudia Cabeza de Vaca. |
| 260 |
_aMéxico : _bUniversidad Nacional Autónoma de México, _c2004. |
||
| 300 |
_a54 p. ; _c18 cm. |
||
| 490 | 1 |
_aRelato Licenciado Vidriera _v8 |
|
| 700 | 1 |
_aCabeza de Vaca, Claudia, _966545 |
|
| 830 | 0 |
_aRelato Licenciado Vidriera _v8 _966234 |
|
| 999 |
_c39761 _d39761 |
||